Нормирование труда Учебник
Изложены основные теоретические и методические положения нормирования труда и управления этим процессом на предприятиях рассмотрены методы исследования трудовых процессов и затрат рабочего времени; методы установления норм труда. Содержание учебника соответствует требованиям Федерального государстве...
Spremljeno u:
| Glavni autor: | |
|---|---|
| Format: | Учебник |
| Izdanje: | 1 |
| Serija: | Высшее образование: Бакалавриат |
| Online pristup: | https://znanium.com/catalog/document?id=391819 https://znanium.com/cover/1857/1857068.jpg |
| Oznake: |
Dodaj oznaku
Bez oznaka, Budi prvi tko označuje ovaj zapis!
|
| LEADER | 03275nam0a2200397 i 4500 | ||
|---|---|---|---|
| 001 | RU\infra-m\znanium\bibl\1857068 | ||
| 003 | https://znanium.com/catalog/document?id=391819 | ||
| 005 | 20250826000000.0 | ||
| 010 | |a 978-5-16-010966-4 | ||
| 010 | |a 978-5-16-103000-4 |b электр. издание | ||
| 100 | |a 20250826d2021 m y0rusy0150 ca | ||
| 101 | 0 | |a rus | |
| 102 | |a RU | ||
| 200 | 1 | |a Нормирование труда |e Учебник |f Российский экономический университет им. Г.В. Плеханова | |
| 205 | |a 1 | ||
| 210 | 1 | |a Москва |c ООО "Научно-издательский центр ИНФРА-М" |d 2022 | |
| 215 | |a 348 с. | ||
| 225 | 1 | |a Высшее образование: Бакалавриат | |
| 330 | |a Изложены основные теоретические и методические положения нормирования труда и управления этим процессом на предприятиях рассмотрены методы исследования трудовых процессов и затрат рабочего времени; методы установления норм труда. Содержание учебника соответствует требованиям Федерального государственного образовательного стандарта высшего профессионального образования третьего поколения. Для студентов обучающихся по направлению 38.03.01 «Экономика» профиль «Экономика труда» (бакалавр магистр) преподавателей экономических вузов а также специалистов-практиков занимающихся вопросами нормирования труда. | ||
| 333 | |a ВО - Бакалавриат | ||
| 606 | |a Экономика. Бухгалтерский учет. Финансы |x Экономика труда |2 local | ||
| 608 | |a Учебник |2 local | ||
| 675 | |a 658(075.8) |z rus | ||
| 686 | |a 65.242я73 |2 rubbk | ||
| 686 | |a 38.03.01 |2 okso | ||
| 686 | |a 38.03.02 |2 okso | ||
| 686 | |a 38.03.03 |2 okso | ||
| 686 | |a 38.04.01 |2 okso | ||
| 686 | |a 38.04.02 |2 okso | ||
| 686 | |a 38.04.03 |2 okso | ||
| 700 | 1 | |a Бычин |b В. Б. |g Владимир Борисович |p Российский экономический университет им. Г.В. Плеханова | |
| 701 | 1 | |a Малинин |b С.В. |g Сергей Викторович |p Российский экономический университет им. Г.В. Плеханова | |
| 701 | 1 | |a Новикова |b Е.В. |g Екатерина Владимировна |p Российский экономический университет им. Г.В. Плеханова | |
| 801 | 0 | |a RU |b Общество с ограниченной ответственностью «ЗНАНИУМ» |c 20211201 |2 rusmarc | |
| 856 | 4 | |a znanium.com |m ebs_support@infra-m.ru |n НИЦ ИНФРА-М |u https://znanium.com/catalog/document?id=391819 | |
| 856 | 4 | 1 | |a znanium.com |d /cover/1857 |f 1857068.jpg |q image/jpeg |u https://znanium.com/cover/1857/1857068.jpg |